One man's freedom /

Bibliographic Details
Main Author: Williams, Edward Bennett
Format: Book
Language:English
Published: New York : Atheneum, 1962.
Edition:[1st ed.].
Subjects:

MARC

Tag First Indicator Second Indicator Subfields
LEADER 00000cam a22000001 4500
001 in00000068938
005 20151008050851.0
008 730313s1962 nyu 00000 eng
010 |a  62011689  
035 |a (OCoLC)00965004 
035 |9 AAG3921AM 
040 |a DLC  |c DLC  |d MNM  |d OCL  |d TXA  |d UtOrBLW 
043 |a n-us--- 
049 |a TXAM  |c [353156] 
090 |a KF373.W466  |b A32 1962 
092 |a 340.9  |b W722o 
100 1 |a Williams, Edward Bennett. 
245 1 0 |a One man's freedom /  |c Introd. by Eugene V. Rostow. 
250 |a [1st ed.]. 
264 1 |a New York :  |b Atheneum,  |c 1962. 
300 |a 344 pages ;  |c 22 cm. 
336 |a text  |b txt  |2 rdacontent 
337 |a unmediated  |b n  |2 rdamedia 
338 |a volume  |b nc  |2 rdacarrier 
650 0 |a Lawyers  |z United States  |v Biography. 
999 |a MARS 
999 f f |s 426e4004-7814-3b5f-83f0-e660f39e13b7  |i b33f8abb-4b01-346d-9a93-c6fe76789e4b  |t 0 
952 f f |p ric  |a Texas A&M University  |b Rellis Campus  |c Joint Library Facility  |d Remote Storage  |t 0  |e KF373.W466 A32 1962  |h Library of Congress classification  |i unmediated -- volume  |m A14800780592 
998 f f |a KF373.W466 A32 1962  |t 0  |l Remote Storage